Gold Nuggets (Record no. 14205)
[ view plain ]
| 000 -LEADER | |
|---|---|
| fixed length control field | 003710000a22001570004500 |
| 001 - CONTROL NUMBER | |
| control field | 002293 |
| 003 - CONTROL NUMBER IDENTIFIER | |
| control field | MACL |
| 040 ## - CATALOGING SOURCE | |
| Original cataloging agency | MACL |
| 090 ## - LOCALLY ASSIGNED LC-TYPE CALL NUMBER (OCLC); LOCAL CALL NUMBER (RLIN) | |
| -- | 14286 |
| -- | 14285 |
| 100 ## - MAIN ENTRY--PERSONAL NAME | |
| Personal name | Krishnamuti, B.H. |
| 245 ## - TITLE STATEMENT | |
| Title | Gold Nuggets |
| Remainder of title | Selected Post I̜ndependence Telugu |
| Statement of responsibility, etc. | B.H. Krishnamuti |
| 260 ## - PUBLICATION, DISTRIBUTION, ETC. (IMPRINT) | |
| Place of publication, distribution, etc. | Sahitya Akademi, |
| Date of publication, distribution, etc. | 2004 |
| 350 ## - PRICE (NR) (BK AM CF MU VM SE) [OBSOLETE] | |
| Price | 225 |
| 650 ## - SUBJECT ADDED ENTRY--TOPICAL TERM | |
| Topical term or geographic name as entry element | Literature |
| 942 ## - ADDED ENTRY ELEMENTS (KOHA) | |
| Call number prefix | 895 |
| Koha item type | Library Membar |
| Withdrawn status | Lost status | Source of classification or shelving scheme | Damaged status | Not for loan | Home library | Current library | Date acquired | Cost, normal purchase price | Total Checkouts | Full call number | Barcode | Date last seen | Uniform Resource Identifier | Price effective from | Koha item type |
|---|---|---|---|---|---|---|---|---|---|---|---|---|---|---|---|
| MACL | MACL | 15/04/2015 | 225.00 | 895 Book | CRE017933 | 02/05/2024 | 14088 | 15/04/2015 | Books |









